General English: (Record no. 189448)

MARC details
000 -LEADER
fixed length control field 00553nam a2200181 4500
005 - DATE AND TIME OF LATEST TRANSACTION
control field 20220701110405.0
010 ## - LCCN (DPL NO)
LC control number ENG-133168
020 ## - INTERNATIONAL STANDARD BOOK NUMBER
International Standard Book Number 9789387253292
Terms of availability 160.00
035 ## - SYSTEM CONTROL NUMBER
System control number EN-116700
037 ## - SOURCE OF ACQUISITION
Source of stock number/acquisition DBAD/PUB
082 ## - DEWEY DECIMAL CLASSIFICATION NUMBER
Classification number 485
100 ## - MAIN ENTRY--PERSONAL NAME
Personal name Garg, Manoj Kumar
245 ## - TITLE STATEMENT
Title General English:
Remainder of title For Undergraduate Students/
Statement of responsibility, etc Manoj Kumar Garg
260 ## - PUBLICATION, DISTRIBUTION, ETC. (IMPRINT)
Place of publication, distribution, etc Allahabad
Name of publisher, distributor, etc Kitab Mahal
Date of publication, distribution, etc 2018
270 ## - ADDRESS
City Allahabad
Address 22, Sarojini Naidu Marg
Postal code 211001
Electronic mail address kitab_mahal@hotmail.com
300 ## - PHYSICAL DESCRIPTION
Extent 212p.
Dimensions 21cm(pbk)
942 ## - ADDED ENTRY ELEMENTS (KOHA)
Source of classification or shelving scheme Dewey Decimal Classification
Item type English Books
Classification part 485
Call number suffix GAR
Holdings
Withdrawn status Lost status Not for loan Collection code Home library Current library Date acquired Source of acquisition Cost, normal purchase price Full call number Barcode Copy number Cost, replacement price Koha item type
      Non-fiction Ashok Vihar Ashok Vihar 01/07/2022 DBAD/PUB 160.00 485 GAR EN-116700 1 160.00 English Books

© Delhi Public Library
Hit Counter
free hit counter